000 00334 a2200157 4500
001 156634
020 _a8516040925
040 _cEscola São Tomás de Aquino
100 _aAMOS, Eduardo
240 1 0 _aSeeds of love
_lpor
245 1 0 _aSeeds of love
300 _a40
362 0 _a2004
697 _aLíngua inglesa
942 _cBK
999 _c156634
_d156634